00358nam a2200133Ia 4500008004100000041001200041100001600053245007100069250000800140260003800148300001000186650001000196700001800206221030s9999 xx 000 0 und d aEnglish aS. C. Arora 2aA Course in Power Plant Engineeringcby S. C. Arora, S. Domkundwar a6th bDhanpat Rai & CoaNew Delhic2014 a40.37 aBB EE aS. Domkundwar